Statistics for Clear All Country Borders on the World Map

Click here to take the quiz!

General Stats

  • This quiz has been taken 2,530 times
  • The average score is 203 of 317

Answers on the Map

Answers color-coded by a green-red scale on the quiz's map according to % correct below.
Loading ...
 

Answer Stats

LABBordering Countries% Correct
8893CanadaUnited StatesCanada-United States
92%
3141MexicoUnited StatesMexico-United States
88%
5300ArgentinaChileArgentina-Chile
82%
1340FinlandRussiaFinland-Russia
81%
1619NorwaySwedenNorway-Sweden
80%
614FinlandSwedenFinland-Sweden
79%
4677ChinaMongoliaChina-Mongolia
79%
1214PortugalSpainPortugal-Spain
79%
6846KazakhstanRussiaKazakhstan-Russia
78%
3400BoliviaBrazilBolivia-Brazil
78%
360IrelandUnited KingdomIreland-United Kingdom
78%
2050ColombiaVenezuelaColombia-Venezuela
78%
985BrazilUruguayBrazil-Uruguay
78%
1290BrazilParaguayBrazil-Paraguay
78%
1224ArgentinaBrazilArgentina-Brazil
77%
623FranceSpainFrance-Spain
77%
3485MongoliaRussiaMongolia-Russia
77%
3645ChinaRussiaChina-Russia
77%
2200BrazilVenezuelaBrazil-Venezuela
76%
1119BrazilGuyanaBrazil-Guyana
76%
1880ArgentinaParaguayArgentina-Paraguay
76%
1420EcuadorPeruEcuador-Peru
76%
962GuatemalaMexicoGuatemala-Mexico
76%
1576RussiaUkraineRussia-Ukraine
76%
597BrazilSurinameBrazil-Suriname
76%
456GermanyPolandGermany-Poland
76%
579ArgentinaUruguayArgentina-Uruguay
76%
196NorwayRussiaNorway-Russia
75%
1560BrazilPeruBrazil-Peru
75%
959BelarusRussiaBelarus-Russia
75%
600GuyanaSurinameGuyana-Suriname
75%
736FinlandNorwayFinland-Norway
75%
450BelgiumNetherlandsBelgium-Netherlands
74%
225ColombiaPanamaColombia-Panama
74%
620BelgiumFranceBelgium-France
74%
1643BrazilColombiaBrazil-Colombia
74%
294EstoniaRussiaEstonia-Russia
74%
63.7AndorraSpainAndorra-Spain
74%
339EstoniaLatviaEstonia-Latvia
74%
743GuyanaVenezuelaGuyana-Venezuela
74%
750BoliviaParaguayBolivia-Paraguay
74%
453LatviaLithuaniaLatvia-Lithuania
74%
900BoliviaPeruBolivia-Peru
74%
330Costa RicaPanamaCosta Rica-Panama
73%
590ColombiaEcuadorColombia-Ecuador
73%
1115EgyptLibyaEgypt-Libya
73%
266BelizeGuatemalaBelize-Guatemala
73%
451FranceGermanyFrance-Germany
73%
673BrazilFranceBrazil-France
73%
891BelarusUkraineBelarus-Ukraine
73%
1236ChinaNepalChina-Nepal
73%
56.6AndorraFranceAndorra-France
73%
1690IndiaNepalIndia-Nepal
73%
2912IndiaPakistanIndia-Pakistan
73%
203El SalvadorGuatemalaEl Salvador-Guatemala
72%
965AlgeriaTunisiaAlgeria-Tunisia
72%
832ArgentinaBoliviaArgentina-Bolivia
72%
2130LaosVietnamLaos-Vietnam
72%
577GermanyNetherlandsGermany-Netherlands
72%
922HondurasNicaraguaHonduras-Nicaragua
72%
1601AlgeriaMoroccoAlgeria-Morocco
72%
217LatviaRussiaLatvia-Russia
72%
2430AfghanistanPakistanAfghanistan-Pakistan
72%
573FranceSwitzerlandFrance-Switzerland
72%
740ItalySwitzerlandItaly-Switzerland
71%
459LibyaTunisiaLibya-Tunisia
71%
138GermanyLuxembourgGermany-Luxembourg
71%
510FranceSurinameFrance-Suriname
71%
342El SalvadorHondurasEl Salvador-Honduras
71%
250BelizeMexicoBelize-Mexico
71%
861BoliviaChileBolivia-Chile
71%
238North KoreaSouth KoreaNorth Korea-South Korea
71%
309Costa RicaNicaraguaCosta Rica-Nicaragua
71%
227LithuaniaRussiaLithuania-Russia
71%
488FranceItalyFrance-Italy
71%
815Czech RepublicGermanyCzech Republic-Germany
71%
407BelarusPolandBelarus-Poland
71%
909LesothoSouth AfricaLesotho-South Africa
71%
167BelgiumGermanyBelgium-Germany
71%
784AustriaGermanyAustria-Germany
71%
68DenmarkGermanyDenmark-Germany
71%
360Dominican RepublicHaitiDominican Republic-Haiti
71%
256GuatemalaHondurasGuatemala-Honduras
70%
939MoldovaUkraineMoldova-Ukraine
70%
1416ChinaNorth KoreaChina-North Korea
70%
932Bosnia and HerzegovinaCroatiaBosnia and Herzegovina-Croatia
70%
1273EgyptSudanEgypt-Sudan
70%
4053BangladeshIndiaBangladesh-India
70%
1458IranIraqIran-Iraq
70%
148BelgiumLuxembourgBelgium-Luxembourg
70%
3380ChinaIndiaChina-India
69%
39ItalySan MarinoItaly-San Marino
69%
605BhutanIndiaBhutan-India
69%
334GermanySwitzerlandGermany-Switzerland
69%
1281ChinaVietnamChina-Vietnam
69%
206PolandRussiaPoland-Russia
69%
1561MauritaniaMoroccoMauritania-Morocco
69%
1496ColombiaPeruColombia-Peru
69%
3.2ItalyVatican CityItaly-Vatican City
69%
470BhutanChinaBhutan-China
69%
164AustriaSwitzerlandAustria-Switzerland
69%
608BulgariaRomaniaBulgaria-Romania
68%
450MoldovaRomaniaMoldova-Romania
68%
1800MyanmarThailandMyanmar-Thailand
68%
1497NigerNigeriaNiger-Nigeria
68%
2237MaliMauritaniaMali-Mauritania
68%
73FranceLuxembourgFrance-Luxembourg
68%
1376AlgeriaMaliAlgeria-Mali
68%
1937South SudanSudanSouth Sudan-Sudan
68%
41LiechtensteinSwitzerlandLiechtenstein-Switzerland
68%
676OmanSaudi ArabiaOman-Saudi Arabia
67%
4.4FranceMonacoFrance-Monaco
67%
1458Saudi ArabiaYemenSaudi Arabia-Yemen
67%
1175ChadNigerChad-Niger
67%
982AlgeriaLibyaAlgeria-Libya
67%
1754LaosThailandLaos-Thailand
67%
541CambodiaLaosCambodia-Laos
67%
302Bosnia and HerzegovinaSerbiaBosnia and Herzegovina-Serbia
67%
658Czech RepublicPolandCzech Republic-Poland
67%
1228CambodiaVietnamCambodia-Vietnam
67%
502BelarusLithuaniaBelarus-Lithuania
67%
430AustriaItalyAustria-Italy
66%
91LithuaniaPolandLithuania-Poland
66%
820IndonesiaPapua New GuineaIndonesia-Papua New Guinea
66%
670CroatiaSloveniaCroatia-Slovenia
66%
335IsraelJordanIsrael-Jordan
66%
288OmanYemenOman-Yemen
66%
1600EthiopiaSomaliaEthiopia-Somalia
66%
215Czech RepublicSlovakiaCzech Republic-Slovakia
66%
1533ChinaKazakhstanChina-Kazakhstan
66%
232ItalySloveniaItaly-Slovenia
66%
160ChilePeruChile-Peru
66%
677HungarySlovakiaHungary-Slovakia
66%
1577Central African RepublicDemocratic Republic of the CongoCentral African Republic-Democratic Republic of the Congo
66%
282AlbaniaGreeceAlbania-Greece
66%
2203KazakhstanUzbekistanKazakhstan-Uzbekistan
66%
1055ChadLibyaChad-Libya
66%
531RomaniaUkraineRomania-Ukraine
65%
803CambodiaThailandCambodia-Thailand
65%
740GambiaSenegalGambia-Senegal
65%
457Saudi ArabiaUnited Arab EmiratesSaudi Arabia-United Arab Emirates
65%
362AustriaCzech RepublicAustria-Czech Republic
65%
35AustriaLiechtensteinAustria-Liechtenstein
65%
1621TurkmenistanUzbekistanTurkmenistan-Uzbekistan
65%
246GreeceMacedoniaGreece-Macedonia
65%
2185ChinaMyanmarChina-Myanmar
65%
430South AfricaSwazilandSouth Africa-Swaziland
65%
423ChinaLaosChina-Laos
65%
936AfghanistanIranAfghanistan-Iran
65%
605IraqSyriaIraq-Syria
64%
644BeninTogoBenin-Togo
64%
193BangladeshMyanmarBangladesh-Myanmar
64%
967NamibiaSouth AfricaNamibia-South Africa
64%
228East TimorIndonesiaEast Timor-Indonesia
64%
1376AngolaNamibiaAngola-Namibia
64%
241CroatiaSerbiaCroatia-Serbia
64%
79IsraelLebanonIsrael-Lebanon
64%
1360ChadSudanChad-Sudan
64%
443HungaryRomaniaHungary-Romania
64%
141BelarusLatviaBelarus-Latvia
64%
912EritreaEthiopiaEritrea-Ethiopia
64%
1840BotswanaSouth AfricaBotswana-South Africa
64%
956AlgeriaNigerAlgeria-Niger
63%
206GreeceTurkeyGreece-Turkey
63%
277EgyptIsraelEgypt-Israel
63%
1782IndonesiaMalaysiaIndonesia-Malaysia
63%
1051KazakhstanKyrgyzstanKazakhstan-Kyrgyzstan
63%
723GeorgiaRussiaGeorgia-Russia
63%
352KosovoSerbiaKosovo-Serbia
63%
814IraqSaudi ArabiaIraq-Saudi Arabia
63%
366AustriaHungaryAustria-Hungary
63%
381BruneiMalaysiaBrunei-Malaysia
63%
877GhanaTogoGhana-Togo
63%
444PolandSlovakiaPoland-Slovakia
63%
2410Democratic Republic of the CongoRepublic of the CongoDemocratic Republic of the Congo-Republic of the Congo
63%
463AlgeriaMauritaniaAlgeria-Mauritania
63%
822SyriaTurkeySyria-Turkey
63%
723EthiopiaSudanEthiopia-Sudan
62%
870KyrgyzstanTajikistanKyrgyzstan-Tajikistan
62%
744JordanSaudi ArabiaJordan-Saudi Arabia
62%
2511AngolaDemocratic Republic of the CongoAngola-Democratic Republic of the Congo
62%
1463IndiaMyanmarIndia-Myanmar
62%
797ZambiaZimbabweZambia-Zimbabwe
62%
526PolandUkrainePoland-Ukraine
62%
668Cote d'IvoireGhanaCote d'Ivoire-Ghana
62%
375LebanonSyriaLebanon-Syria
62%
494BulgariaGreeceBulgaria-Greece
62%
386GuineaGuinea-BissauGuinea-Guinea-Bissau
62%
506MalaysiaThailandMalaysia-Thailand
62%
330AustriaSloveniaAustria-Slovenia
62%
60QatarSaudi ArabiaQatar-Saudi Arabia
62%
164ArmeniaGeorgiaArmenia-Georgia
61%
858ChinaKyrgyzstanChina-Kyrgyzstan
61%
813MauritaniaSenegalMauritania-Senegal
61%
861EthiopiaKenyaEthiopia-Kenya
61%
240IraqKuwaitIraq-Kuwait
61%
1360BotswanaNamibiaBotswana-Namibia
61%
787ArmeniaAzerbaijanArmenia-Azerbaijan
61%
349DjiboutiEthiopiaDjibouti-Ethiopia
61%
172AlbaniaMontenegroAlbania-Montenegro
61%
769KenyaTanzaniaKenya-Tanzania
61%
112AlbaniaKosovoAlbania-Kosovo
60%
19North KoreaRussiaNorth Korea-Russia
60%
410OmanUnited Arab EmiratesOman-United Arab Emirates
60%
375JordanSyriaJordan-Syria
60%
151AlbaniaMacedoniaAlbania-Macedonia
60%
1000Burkina FasoMaliBurkina Faso-Mali
60%
821MaliNigerMali-Niger
60%
1197Central African RepublicChadCentral African Republic-Chad
60%
266BeninNigerBenin-Niger
60%
240BulgariaTurkeyBulgaria-Turkey
60%
225Bosnia and HerzegovinaMontenegroBosnia and Herzegovina-Montenegro
60%
222KuwaitSaudi ArabiaKuwait-Saudi Arabia
60%
467Central African RepublicRepublic of the CongoCentral African Republic-Republic of the Congo
60%
330GuineaSenegalGuinea-Senegal
60%
476RomaniaSerbiaRomania-Serbia
60%
933KenyaUgandaKenya-Uganda
59%
1690CameroonNigeriaCameroon-Nigeria
59%
151HungarySerbiaHungary-Serbia
59%
909IranPakistanIran-Pakistan
59%
124MontenegroSerbiaMontenegro-Serbia
59%
883EthiopiaSouth SudanEthiopia-South Sudan
59%
354LibyaNigerLibya-Niger
59%
1930Democratic Republic of the CongoZambiaDemocratic Republic of the Congo-Zambia
59%
201AngolaRepublic of the CongoAngola-Republic of the Congo
59%
491MozambiqueSouth AfricaMozambique-South Africa
59%
1161TajikistanUzbekistanTajikistan-Uzbekistan
59%
682KenyaSomaliaKenya-Somalia
59%
1569MalawiMozambiqueMalawi-Mozambique
58%
549Burkina FasoGhanaBurkina Faso-Ghana
58%
773BeninNigeriaBenin-Nigeria
58%
318BulgariaSerbiaBulgaria-Serbia
58%
306LiberiaSierra LeoneLiberia-Sierra Leone
58%
322AzerbaijanGeorgiaAzerbaijan-Georgia
58%
159KosovoMacedoniaKosovo-Macedonia
58%
414ChinaTajikistanChina-Tajikistan
58%
813BotswanaZimbabweBotswana-Zimbabwe
58%
628Burkina FasoNigerBurkina Faso-Niger
58%
797CameroonCentral African RepublicCameroon-Central African Republic
57%
268ArmeniaTurkeyArmenia-Turkey
57%
1099KyrgyzstanUzbekistanKyrgyzstan-Uzbekistan
57%
329CroatiaHungaryCroatia-Hungary
57%
109DjiboutiEritreaDjibouti-Eritrea
57%
756MozambiqueTanzaniaMozambique-Tanzania
57%
584Burkina FasoCote d'IvoireBurkina Faso-Cote d'Ivoire
57%
290BurundiRwandaBurundi-Rwanda
57%
284AzerbaijanRussiaAzerbaijan-Russia
57%
1903GabonRepublic of the CongoGabon-Republic of the Congo
57%
765Democratic Republic of the CongoUgandaDemocratic Republic of the Congo-Uganda
57%
652GuineaSierra LeoneGuinea-Sierra Leone
57%
79KosovoMontenegroKosovo-Montenegro
56%
225South AfricaZimbabweSouth Africa-Zimbabwe
56%
91AustriaSlovakiaAustria-Slovakia
56%
252GeorgiaTurkeyGeorgia-Turkey
56%
217Democratic Republic of the CongoRwandaDemocratic Republic of the Congo-Rwanda
56%
58DjiboutiSomaliaDjibouti-Somalia
56%
716Cote d'IvoireLiberiaCote d'Ivoire-Liberia
56%
76IsraelSyriaIsrael-Syria
56%
992IranTurkmenistanIran-Turkmenistan
56%
419MaliSenegalMali-Senegal
56%
350Equatorial GuineaGabonEquatorial Guinea-Gabon
56%
523ChinaPakistanChina-Pakistan
56%
189CameroonEquatorial GuineaCameroon-Equatorial Guinea
55%
1231MozambiqueZimbabweMozambique-Zimbabwe
55%
169RwandaUgandaRwanda-Uganda
55%
383LibyaSudanLibya-Sudan
55%
499IranTurkeyIran-Turkey
55%
1206AfghanistanTajikistanAfghanistan-Tajikistan
55%
605EritreaSudanEritrea-Sudan
55%
126Burkina FasoTogoBurkina Faso-Togo
55%
105MozambiqueSwazilandMozambique-Swaziland
55%
102HungarySloveniaHungary-Slovenia
55%
837MalawiZambiaMalawi-Zambia
55%
62MacedoniaSerbiaMacedonia-Serbia
55%
148BulgariaMacedoniaBulgaria-Macedonia
55%
181IraqJordanIraq-Jordan
55%
306BeninBurkina FasoBenin-Burkina Faso
55%
744AfghanistanTurkmenistanAfghanistan-Turkmenistan
55%
235LaosMyanmarLaos-Myanmar
55%
352IraqTurkeyIraq-Turkey
54%
233BurundiDemocratic Republic of the CongoBurundi-Democratic Republic of the Congo
54%
103HungaryUkraineHungary-Ukraine
54%
338Guinea-BissauSenegalGuinea-Bissau-Senegal
54%
459Democratic Republic of the CongoTanzaniaDemocratic Republic of the Congo-Tanzania
54%
682Central African RepublicSouth SudanCentral African Republic-South Sudan
54%
217RwandaTanzaniaRwanda-Tanzania
54%
432AzerbaijanIranAzerbaijan-Iran
53%
76AfghanistanChinaAfghanistan-China
53%
298CameroonGabonCameroon-Gabon
53%
97SlovakiaUkraineSlovakia-Ukraine
53%
1110AngolaZambiaAngola-Zambia
53%
451BurundiTanzaniaBurundi-Tanzania
53%
523CameroonRepublic of the CongoCameroon-Republic of the Congo
53%
563GuineaLiberiaGuinea-Liberia
53%
396TanzaniaUgandaTanzania-Uganda
53%
379KazakhstanTurkmenistanKazakhstan-Turkmenistan
53%
628Democratic Republic of the CongoSouth SudanDemocratic Republic of the Congo-South Sudan
52%
475MalawiTanzaniaMalawi-Tanzania
52%
1094CameroonChadCameroon-Chad
52%
858GuineaMaliGuinea-Mali
52%
338TanzaniaZambiaTanzania-Zambia
52%
435South SudanUgandaSouth Sudan-Uganda
51%
483Central African RepublicSudanCentral African Republic-Sudan
51%
25CroatiaMontenegroCroatia-Montenegro
50%
35ArmeniaIranArmenia-Iran
50%
17MoroccoSpainMorocco-Spain
50%
0.15BotswanaZambiaBotswana-Zambia
50%
87ChadNigeriaChad-Nigeria
49%
610Cote d'IvoireGuineaCote d'Ivoire-Guinea
49%
137AfghanistanUzbekistanAfghanistan-Uzbekistan
49%
232KenyaSouth SudanKenya-South Sudan
49%
419MozambiqueZambiaMozambique-Zambia
49%
233NamibiaZambiaNamibia-Zambia
48%
532Cote d'IvoireMaliCote d'Ivoire-Mali
46%
9AzerbaijanTurkeyAzerbaijan-Turkey
44%
1.2SpainUnited KingdomSpain-United Kingdom
43%
10.2FranceNetherlandsFrance-Netherlands
40%

Score Distribution

Percentile by Number Answered

Percent of People with Each Score

Your Score History

You have not taken this quiz